Catálogo

La decisión es tuya / (Registro nro. 31694)

Detalles MARC
000 -LEADER
fixed length control field 01286cam a2200349 i 4500
001 - CONTROL NUMBER
control field 31694
003 - CONTROL NUMBER IDENTIFIER
control field Mx-PuUPA
005 - DATE AND TIME OF LATEST TRANSACTION
control field 20251103130555.0
008 - FIXED-LENGTH DATA ELEMENTS--GENERAL INFORMATION
fixed length control field 140415s2007 mx a gr 000 0 spa d
020 ## - INTERNATIONAL STANDARD BOOK NUMBER
International Standard Book Number 9789708104470
040 ## - CATALOGING SOURCE
Original cataloging agency Mx-PuUPA
Language of cataloging spa
Transcribing agency Mx-PuUPA
Modifying agency Mx-PuUPA
Description conventions rda
041 1# - LANGUAGE CODE
Language code of text/sound track or separate title spa
Language code of original eng
100 1# - MAIN ENTRY--PERSONAL NAME
Personal name Covey, Sean,
Dates associated with a name 1964-
9 (RLIN) 1455
Relator term autor
240 14 - UNIFORM TITLE
Uniform title The choice is yours.
Language of a work Español
245 13 - TITLE STATEMENT
Title La decisión es tuya /
Statement of responsibility, etc. Sean Covey ; traducción, María Andrea Giovine
246 14 - VARYING FORM OF TITLE
Title proper/short title La decisión es tuya :
Remainder of title guía de actividades para jóvenes.
250 ## - EDITION STATEMENT
Edition statement Primera edición
264 #1 - PRODUCTION, PUBLICATION, DISTRIBUTION, MANUFACTURE, AND COPYRIGHT NOTICE
Place of production, publication, distribution, manufacture México, D.F. :
Name of producer, publisher, distributor, manufacturer Random House Mondadori,
Date of production, publication, distribution, manufacture, or copyright notice ©2007
300 ## - PHYSICAL DESCRIPTION
Extent 77 páginas :
Other physical details ilustraciones ;
Dimensions 22 cm
336 ## - CONTENT TYPE
Fuente rdacontent
Content type term texto
Content type code txt
336 ## - CONTENT TYPE
Fuente rdacontent
Content type term imagen fija
Content type code sti
337 ## - MEDIA TYPE
Source rdamedia
Media type term sin medio
Media type code n
338 ## - CARRIER TYPE
Source rdacarrier
Carrier type term volumen
Carrier type code nc
650 #7 - SUBJECT ADDED ENTRY--TOPICAL TERM
Source of heading or term armarc
Topical term or geographic name entry element Adolescentes
General subdivision Conduca (Ética)
650 #7 - SUBJECT ADDED ENTRY--TOPICAL TERM
Source of heading or term armarc
Topical term or geographic name entry element Adolescencia
General subdivision Toma de decisiones
650 #7 - SUBJECT ADDED ENTRY--TOPICAL TERM
Source of heading or term armarc
Topical term or geographic name entry element Éxito en la adolescencia
General subdivision Habilidades pa la vida
Form subdivision Guías
700 1# - ADDED ENTRY--PERSONAL NAME
Personal name Giovine, María Andrea,
Relator term traductor
765 0# - ORIGINAL LANGUAGE ENTRY
Main entry heading Covey, Sean, 1964-
Title The choice is yours.
942 ## - ADDED ENTRY ELEMENTS (KOHA)
Source of classification or shelving scheme Dewey Decimal Classification
Koha item type Libro
Classification part 305.235
Item part C8718
Existencias
Withdrawn status Lost status Source of classification or shelving scheme Damaged status Not for loan Collection code Home library Current library Shelving location Date acquired Source of acquisition Total Checkouts Full call number Barcode Date last seen Price effective from Koha item type Copy number
    Dewey Decimal Classification     General Tehuacán Tehuacán Sala general 03/12/2013 Compra   305.235 C8718 2007 968000003064 08/01/2025 03/12/2013 Libro  
    Dewey Decimal Classification     General Tehuacán Tehuacán Sala general 03/12/2013 Compra   305.235 C8718 2007 968000003065 08/01/2025 03/12/2013 Libro Ej.2